Statistiques concernant Animal emblème par pays

Cliquez ici pour prendre le quiz!

Statistiques générales

  • Ce quiz a été pris 534 fois
  • Le résultat moyen est 5 sur 15

Statistiques - réponses

PaysAnimal% Correct
MexiqueAigle royal
84%
AustralieKangourou / Émeu
68%
EspagneTaureau
56%
AlgérieFennec
54%
Nouvelle-ZélandeKiwi
45%
CanadaCastor
28%
ThailandeÉléphant
27%
Île MauriceDodo
26%
ItalieLoup
25%
Pays-BasLion
23%
ÉthiopieLion
19%
Corée du SudTigre
16%
ÉcosseLicorne
14%
NorvègeÉlan
12%
IndonésieDragon de Komodo
7%

Distribution des résultats

Percentile par nombre de réponses

% des personnes avec chaque résultat

Votre développement - résultats

Vous n’avez pas pris ce quiz